Tribunal Internacional do Direito do Mar (Record no. 7852)

MARC details
000 -LEADER
fixed length control field 01017cam a2200277 a 4500
001 - CONTROL NUMBER
control field 12033870
003 - CONTROL NUMBER IDENTIFIER
control field TZ-ArACH
005 - DATE AND TIME OF LATEST TRANSACTION
control field 20260417114145.0
008 - FIXED-LENGTH DATA ELEMENTS--GENERAL INFORMATION
fixed length control field 260417s2000 ne a 001 0 eng
010 ## - LIBRARY OF CONGRESS CONTROL NUMBER
LC control number 00055464
020 ## - INTERNATIONAL STANDARD BOOK NUMBER
International Standard Book Number 9788582385166
040 ## - CATALOGING SOURCE
Original cataloging agency DLC
Transcribing agency DLC
Modifying agency DLC
050 00 - LIBRARY OF CONGRESS CALL NUMBER
Classification number KZA5205
Item number .T67 2019
100 0# - MAIN ENTRY--PERSONAL NAME
Personal name Gudmundur Eiriksson.
245 14 - TITLE STATEMENT
Title Tribunal Internacional do Direito do Mar
Statement of responsibility, etc Paula Ritzmann Torres.
Remainder of title funcionamento, jurisdição e jurisprudencia /
260 ## - PUBLICATION, DISTRIBUTION, ETC. (IMPRINT)
Place of publication, distribution, etc Belo Horizonte (Brazil) ;
Name of publisher, distributor, etc Arraes Editores ;
Date of publication, distribution, etc 2019.
300 ## - PHYSICAL DESCRIPTION
Extent xxvi, 310 p. :
Dimensions 25 cm.
500 ## - GENERAL NOTE
General note .
504 ## - BIBLIOGRAPHY, ETC. NOTE
Bibliography, etc References
610 20 - SUBJECT ADDED ENTRY--CORPORATE NAME
Corporate name or jurisdiction name as entry element International Tribunal for the Law of the Sea.
650 #0 - SUBJECT ADDED ENTRY--TOPICAL TERM
Topical term or geographic name as entry element Law of the sea.
650 #0 - SUBJECT ADDED ENTRY--TOPICAL TERM
Topical term or geographic name as entry element International courts.
906 ## - LOCAL DATA ELEMENT F, LDF (RLIN)
a 7
b cbc
c orignew
d 1
e ocip
f 20
g y-gencatlg
942 ## - ADDED ENTRY ELEMENTS (KOHA)
Source of classification or shelving scheme Library of Congress Classification
Koha item type Books
Holdings
Home library Current library Date acquired Full call number Barcode Koha item type
African Court on Human and Peoples' Rights Library African Court on Human and Peoples' Rights Library 17/04/2026 KZA5205 .T67 2019 10044477 Books

African Court on Human and Peoples' Rights | For Inquiries Contact » +255 272 510 510